| Tag |
First Indicator |
Second Indicator |
Subfields |
| LEADER |
00000cam a2200000 a 4500 |
| 001 |
in00002012205 |
| 005 |
20151031153909.0 |
| 008 |
920210s1990 ru c 000 1 rusod |
| 010 |
|
|
|a 2003395719
|
| 020 |
|
|
|a 5265017240
|
| 035 |
|
|
|a (OCoLC)ocm25249528
|
| 040 |
|
|
|a LRU
|c LRU
|d DLC
|d TXA
|d UtOrBLW
|
| 042 |
|
|
|a lccopycat
|
| 049 |
|
|
|a TXAM
|
| 050 |
0 |
0 |
|a PG3481.2.R14
|b S6 1990
|
| 100 |
1 |
|
|a Gorbachev, Nikolaĭ,
|d 1923-
|
| 245 |
1 |
0 |
|a Smertnye :
|b roman /
|c Nikolaĭ Gorbachev.
|
| 264 |
|
1 |
|a Moskva :
|b Sov. pisatelʹ,
|c 1990.
|
| 300 |
|
|
|a 479 pages :
|b portrait ;
|c 21 cm.
|
| 336 |
|
|
|a text
|b txt
|2 rdacontent
|
| 337 |
|
|
|a unmediated
|b n
|2 rdamedia
|
| 338 |
|
|
|a volume
|b nc
|2 rdacarrier
|
| 948 |
|
|
|a cataloged
|b h
|c 2004/12/17
|d c
|e spoltoratski
|f 10:53:52 am
|
| 994 |
|
|
|a E0
|b TXA
|
| 999 |
|
|
|a MARS
|
| 999 |
f |
f |
|s 3e12e6de-eda5-3e9a-8fdc-0349fd428c10
|i 9e5aa07a-0cf5-39d9-988f-050e1f5f29be
|t 0
|
| 952 |
f |
f |
|p ric
|a Texas A&M University
|b Rellis Campus
|c Joint Library Facility
|d Remote Storage
|t 0
|e PG3481.2.R14 S6 1990
|h Library of Congress classification
|i unmediated -- volume
|m A14831592906
|
| 998 |
f |
f |
|a PG3481.2.R14 S6 1990
|t 0
|l Remote Storage
|